000 00754 a2200229 4500
001 125549
020 _a9780836840926
040 _cEscola Canadense de Niteroi
090 _aS4 - DOD
100 _aDodd, Lynley
245 1 0 _aSchnitzel Von Krumm dogs never climb trees
250 _a1st. ed.
260 _aNew York
300 _a32 p.
_c6 x 0.8 x 18 cm (hardcover)
362 0 _a2004
490 0 _aGold star first readers
520 _aEveryone knows that dogs never climb trees. But Schnitzel von Krumm, our favourite dog with the very low tum, is determined to prove otherwise - and promptly clambers up the very top of a tree!
650 4 _aPerseverance
650 4 _aStories in rhyme
650 4 _aChildren's Literature
942 _cBK
999 _c125549
_d125549